000 00599nam a2200205Ia 4500
005 20230404101458.0
008 131103s9999 xx 000 0 und d
040 _aLoreto College
041 _aEnglish
082 _a822.91
_bYEA-NAT
100 _aLeonard E. Nathan
245 4 _aThe Tragic drama of William Butler Yeats
_b figures in a dance
_cby Leonard E. Nathan
260 _aNew York
_bColumbia University Press
_c1965
300 _avii,307p.
504 _aIncludes index
650 _aYeats, William Butler - tragic drama
651 _aEnglish drama
850 _aLCLIB
942 _cBK
999 _c22376
_d72855